Personal involvement workbook for conquering family stress. (Record no. 16858)

000 -LEADER
fixed length control field 00518nam a2200169 a 4500
001 - CONTROL NUMBER
control field :::00020175$&:&@@
003 - CONTROL NUMBER IDENTIFIER
control field OkBaRHE
005 - DATE AND TIME OF LATEST TRANSACTION
control field 20020126100738.0
008 - FIXED-LENGTH DATA ELEMENTS--GENERAL INFORMATION
fixed length control field s1978 j 000 0 eng u
040 ## - CATALOGING SOURCE
Transcribing agency
100 1# - MAIN ENTRY--PERSONAL NAME
Personal name Petersen, J. Allen
245 10 - TITLE STATEMENT
Title Personal involvement workbook for conquering family stress.
260 ## - PUBLICATION, DISTRIBUTION, ETC. (IMPRINT)
Place of publication, distribution, etc Wheaton, IL
Name of publisher, distributor, etc Victor Books
Date of publication, distribution, etc 1978
300 ## - PHYSICAL DESCRIPTION
Extent 64 p.
942 ## - ADDED ENTRY ELEMENTS (KOHA)
Source of classification or shelving scheme
Koha item type Books
Copies
Not for loan Date last seen Koha item type Full call number Damaged status Date acquired Price effective from Lost status Permanent Location Copy number Source of classification or shelving scheme Withdrawn status Shelving location Barcode
 2010-04-14BooksBV 4526.2 .P45 2010-04-142010-04-14 RHEMA Bible Training College1  General Stacks20175